Toán rời rạc
Αποθηκεύτηκε σε:
| Κύριος συγγραφέας: | |
|---|---|
| Μορφή: | Βιβλίο |
| Έκδοση: |
Hà Nội
Lao động xã hội
2005
|
| Θέματα: | |
| Ετικέτες: |
Προσθήκη ετικέτας
Δεν υπάρχουν, Καταχωρήστε ετικέτα πρώτοι!
|
| Thư viện lưu trữ: | Trung tâm Học liệu Lê Vũ Hùng, Trường Đại học Đồng Tháp |
|---|
| LEADER | 00931pam a22002298a 4500 | ||
|---|---|---|---|
| 001 | 00043599 | ||
| 005 | 20190222080236.0 | ||
| 008 | 111013s2008 ||||||Viesd | ||
| 020 | # | # | |c 0 |
| 041 | 0 | # | |a Vie |
| 082 | 1 | # | |a 511 |b T406R |
| 100 | 0 | # | |a Nguyễn, Hữu Anh |
| 245 | 0 | 0 | |a Toán rời rạc |c Nguyễn Hữu Anh |
| 260 | # | # | |a Hà Nội |b Lao động xã hội |c 2005 |
| 300 | # | # | |a 202 tr. |c 21 cm. |
| 653 | # | # | |a Giải tích |
| 653 | # | # | |a Hình học |
| 653 | # | # | |a Toán cao cấp |
| 653 | # | # | |a rời rạc |
| 852 | # | # | |j KD.0024456 |j KGT.0056112 |j KGT.0056113 |j KGT.0056114 |j KGT.0056115 |j KGT.0056116 |j KGT.0056117 |j KGT.0056118 |j KGT.0056119 |j KGT.0056120 |j KGT.0056121 |j KGT.0056122 |j KGT.0056123 |j KGT.0056124 |j KGT.0056125 |j KGT.0056126 |j KGT.0056127 |j KGT.0056129 |j KGT.0056130 |j KGT.0056131 |j KGT.0056132 |
| 910 | # | # | |d 22/2/2019 |
| 980 | # | # | |a Trung tâm Học liệu Lê Vũ Hùng, Trường Đại học Đồng Tháp |